Las corrientes literarias en América Hispánica /

Detalles Bibliográficos
Autor principal: Henríquez Ureña, Pedro 1884-1946
Formato: Libro
Lenguaje:español
Publicado: México Fondo de Cultura Económica 2014
Edición:4a.ed.
Materias:
Acceso en línea:

MARC

LEADER 00000cam a2200000 a 4500
001 021477
003 UAHC_CL
005 20170803122008.0
008 010822b1954 mx 000 1 spa
020 |a 9786071621160 
040 |a UAHC_CL  |c UAHC_CL  |d UAHC_CL 
100 1 |a Henríquez Ureña, Pedro  |d 1884-1946 
245 1 4 |a Las corrientes literarias en América Hispánica /  |c Pedro Henríquez Ureña. 
250 |a 4a.ed. 
260 |a México  |b Fondo de Cultura Económica  |c 2014 
300 |a 382 p. 
650 4 |a LITERATURA  |z AMERICA LATINA 
650 4 |a LITERATURA HISPANOAMERICANA  |x HISTORIA Y CRITICA 
900 |a 860 HENC 
942 |c BK 
952 |0 0  |1 0  |4 0  |6 860_000000000000000_HENC  |7 0  |8 General  |9 42623  |a BC  |b BC  |c General  |d 2017-08-03  |l 0  |m 3  |o 860 HENC  |p 1430042  |q 2018-01-11  |r 2017-08-03 00:00:00  |t 1  |w 2017-08-03  |y BK 
999 |c 21477  |d 21477